Ancianos maltratados : (Record no. 190452)
[ view plain ]
| 000 -LEADER | |
|---|---|
| campo de control de longitud fija | 00911nam a2200241 i 4500 |
| 001 - NÚMERO DE CONTROL | |
| campo de control | 190452 |
| 003 - IDENTIFICADOR DE NÚMERO DE CONTROL | |
| campo de control | ES-MaACL |
| 005 - FECHA Y HORA DE LA ÚLTIMA TRANSACCIÓN | |
| campo de control | 20240111133450.0 |
| 008 - DATOS DE LONGITUD FIJA--INFORMACIÓN GENERAL | |
| campo de control de longitud fija | 210330s2018 sp 001 0 spa d |
| 020 ## - NÚMERO INTERNACIONAL ESTÁNDAR DEL LIBRO | |
| Número Internacional Estándar del Libro | 978-84-17295-55-4 |
| 100 1# - ENTRADA PRINCIPAL--NOMBRE DE PERSONA | |
| Nombre de persona | Valgañón Martínez, Asunción. |
| 9 (RLIN) | 154128 |
| 245 10 - MENCIÓN DEL TÍTULO | |
| Título | Ancianos maltratados : |
| Resto del título | el escarnio de la vejez / |
| Mención de responsabilidad, etc. | Asunción Valgañón Martínez. |
| 260 ## - PUBLICACIÓN, DISTRIBUCIÓN, ETC. | |
| Lugar de publicación, distribución, etc. | Sevilla : |
| Nombre del editor, distribuidor, etc. | Punto Rojo Libros, |
| Fecha de publicación, distribución, etc. | [2018] |
| 300 ## - DESCRIPCIÓN FÍSICA | |
| Extensión | 164 p. ; |
| Dimensiones | 21 cm. |
| 490 1# - MENCIÓN DE SERIE | |
| Mención de serie | Mis cuadernos favoritos |
| 650 #4 - PUNTO DE ACCESO ADICIONAL DE MATERIA--TÉRMINO DE MATERIA | |
| Término de materia o nombre geográfico como elemento de entrada | Ancianos- |
| Subdivisión general | Malos tratos. |
| 9 (RLIN) | 171154 |
| 830 1# - PUNTO DE ACCESO ADICIONAL DE SERIE-TÍTULO UNIFORME | |
| Título uniforme | Mis cuadernos favoritos |
| 9 (RLIN) | 225886 |
| 852 4# - LOCALIZACIÓN | |
| Ubicación | ES-MaACL |
| Número de control de estantería | A-14653 |
| itemnumber | 197629 |
| Sublocalización o colección | R.152423 |
| Ubicación en estantería | Depósito 1 |
| Signatura antigua | Olim: N-7653 |
| Anotaciones manuscritas | Anotaciones manuscritas del autora |
| Donativo/Legado | Donación: Asuncion Valgañon Martinez |
| 903 ## - NOMBRE PERSONAL DE DONANTE | |
| 9 | 154128 |
| a | Valgañón Martínez, Asunción |
| e | Donante |
| 942 ## - ELEMENTOS DE ENTRADA SECUNDARIOS (KOHA) | |
| Fuente del sistema de clasificación o colocación | Clasificación decimal universal |
| Tipo de ítem Koha | Libro impreso |
| Estatus retirado | Estado de pérdida | Fuente del sistema de clasificación o colocación | Estado de daño | No para préstamo | Colección | Biblioteca de origen | Biblioteca actual | Ubicación en estantería | Fecha de adquisición | Fuente de adquisición | Total de préstamos | Signatura topográfica completa | Código de barras | Visto por última vez | Precio de reemplazo | Tipo de ítem Koha | Nota pública |
|---|---|---|---|---|---|---|---|---|---|---|---|---|---|---|---|---|---|
| Clasificación decimal universal | Libros con dedicatorias | Biblioteca del Ateneo de Madrid | Biblioteca del Ateneo de Madrid | Depósito 1 | 30/03/2021 | Donación | A-14653 | 1202475 | 23/02/2023 | 23/02/2023 | Libro impreso | Dedicatoria autógrafa de la autora |
